{"text_format":"3","workbook":"xls","n_sheets":3,"sheets":["汇总表","保洁用品","办公用品"],"read":"whole","date_system":"1900","formulas":"cached_only"}

{"sheet":"汇总表","index":0,"n_rows":25,"n_cols":8,"rows_kept":25,"merged":[[0,0,0,7]],"flags":["formulas_cached_only"]}
["报   价   单"]
["序号","物品名称","单位","规格","数量","单价","总价","备注"]
[1,"垃圾袋","捆","60*80",10,{"v":8.5,"d":"8.50"},{"v":85,"d":"85.00"}]
[2,"平口垃圾袋","捆",null,20,{"v":1.8,"d":"1.80"},{"v":36,"d":"36.00"}]
[3,"万能清洁剂","瓶",null,8,{"v":29,"d":"29.00"},{"v":232,"d":"232.00"}]
[4,"大盘纸","件",null,10,{"v":95,"d":"95.00"},{"v":950,"d":"950.00"}]
[5,"擦手纸","件",null,5,{"v":95,"d":"95.00"},{"v":475,"d":"475.00"}]
[6,"洗洁精","桶","2KG",3,{"v":16,"d":"16.00"},{"v":48,"d":"48.00"}]
[7,"吸水拖布棉条","个","配件",10,{"v":9.8,"d":"9.80"},{"v":98,"d":"98.00"}]
[8,"平板拖布","套","带桶",4,{"v":65,"d":"65.00"},{"v":260,"d":"260.00"}]
[9,"A4纸","箱","白色",3,{"v":140,"d":"140.00"},{"v":420,"d":"420.00"}]
[10,"A4纸","包","粉色100张/包",10,{"v":11,"d":"11.00"},{"v":110,"d":"110.00"}]
[11,"5号电池","节",null,20,{"v":2.5,"d":"2.50"},{"v":50,"d":"50.00"}]
[12,"7号电池","节",null,20,{"v":2,"d":"2.00"},{"v":40,"d":"40.00"}]
[13,"会议麦克支架","个",null,8,{"v":30,"d":"30.00"},{"v":240,"d":"240.00"}]
[14,"黑色笔筒","个","会议桌用",20,{"v":9.9,"d":"9.90"},{"v":198,"d":"198.00"}]
[15,"剪刀","把",null,2,{"v":5,"d":"5.00"},{"v":10,"d":"10.00"}]
[16,"打印机墨盒","个","C3326黑色",1,{"v":305,"d":"305.00"},{"v":305,"d":"305.00"}]
[17,"打印机墨盒","组","C3326彩色（每组三色）",1,{"v":729,"d":"729.00"},{"v":729,"d":"729.00"}]
[18,"墨盒","个","HP1007",1,{"v":135,"d":"135.00"},{"v":135,"d":"135.00"}]
[19,"打印机数据线","根","2.5-3米",1,{"v":30,"d":"30.00"},{"v":30,"d":"30.00"}]
[20,"老式电脑连接线","根","2.5-3米",1,{"v":40,"d":"40.00"},{"v":40,"d":"40.00"}]
[21,"蓝色档案盒","个",null,20,{"v":11.5,"d":"11.50"},{"v":230,"d":"230.00"}]
[22,"整理箱","个",null,1,{"v":70,"d":"70.00"},{"v":70,"d":"70.00"}]
[null,"合计",{"$nulls":4},{"v":4791,"d":"4791.00"}]

{"sheet":"保洁用品","index":1,"n_rows":11,"n_cols":8,"rows_kept":11,"merged":[[0,0,0,7]],"flags":["formulas_cached_only"]}
["报   价   单"]
["序号","物品名称","单位","规格","数量","单价","总价","备注"]
[1,"垃圾袋","捆","60*80",10]
[2,"平口垃圾袋","捆",null,20]
[3,"万能清洁剂","瓶",null,8]
[4,"大盘纸","件",null,10]
[5,"擦手纸","件",null,5]
[6,"洗洁精","桶","2KG",3]
[7,"吸水拖布棉条","个","配件",10]
[8,"平板拖布","套","带桶",4]
[null,"合计"]

{"sheet":"办公用品","index":2,"n_rows":17,"n_cols":8,"rows_kept":17,"merged":[[0,0,0,7]],"flags":["formulas_cached_only"]}
["报   价   单"]
["序号","物品名称","单位","规格","数量","单价","总价","备注"]
[1,"A4纸","箱","白色",3]
[2,"A4纸","包","粉色100张/包",10]
[3,"5号电池","节",null,20]
[4,"7号电池","节",null,20]
[5,"会议麦克支架","个",null,8]
[6,"黑色笔筒","个","会议桌用",20]
[7,"剪刀","把",null,2]
[8,"打印机墨盒","个","C3326黑色",1]
[9,"打印机墨盒","组","C3326彩色（每组三色）",1]
[10,"墨盒","个","HP1007",1]
[11,"打印机数据线","根","2.5-3米",1]
[12,"老式电脑连接线","根","2.5-3米",1]
[13,"蓝色档案盒","个",null,20]
[14,"整理箱","个",null,1]
[null,"合计"]